[Event "7. Torneo de Promoción Almansa B 2012"]
[Site "Almansa ESP"]
[Date "2012.08.07"]
[Round "1.1"]
[White "Moreno Valle, Agustin"]
[Black "Clemente Castillo, Jose Alfonso"]
[Result "1-0"]
[WhiteElo "1997"]
[BlackElo "1706"]
[PlyCount "115"]
[EventDate "2012.08.07"]
[EventType "swiss"]
[EventRounds "9"]
[EventCountry "ESP"]
[Source "lmi"]
[SourceDate "2012.08.07"]

1. e4 c5 2. Nf3 e6 3. Bd3 d5 4. c3 g6 5. O-O Bg7 6. Re1 Ne7 7. Bc2 Nbc6 8. e5
d4 9. d3 Qc7 10. Bf4 Nd5 11. Bg3 b5 12. a4 b4 13. c4 Nde7 14. h3 Na5 15. Nbd2
Bb7 16. Ne4 Bxe4 17. Rxe4 b3 18. Bxb3 Qb7 19. Nd2 Bh6 20. Bc2 Qb4 21. Bf4 Bxf4
22. Rxf4 Nac6 23. Ne4 O-O 24. Nf6+ Kg7 25. Qe2 Qb8 26. Nd7 Qxb2 27. Rb1 Qc3 28.
Nxf8 Kxf8 29. Qf3 Qxc2 30. Rxf7+ Kg8 31. Rb7 Nxe5 32. Rg7+ Kh8 33. Qf6 Qc1+ 34.
Kh2 Ng4+ 35. hxg4 Qh6+ 36. Kg3 Qxg7 37. Qxe7 Qxe7 38. Rxe7 Rb8 39. Kf4 Rf8+ 40.
Kg3 Rb8 41. Rxa7 Rb3 42. Rc7 Rxd3+ 43. Kf4 Rc3 44. Rxc5 d3 45. Ke3 Ra3 46. a5
Kg7 47. g5 Kf8 48. f4 Kf7 49. Rc7+ Kg8 50. c5 Rxa5 51. Kxd3 Kf8 52. Kd4 Ra6 53.
Rxh7 Rc6 54. Rb7 Ke8 55. Rb6 e5+ 56. fxe5 Kd7 57. Rxc6 Kxc6 58. e6 1-0

[Event "7. Torneo de Promoción Almansa B 2012"]
[Site "Almansa ESP"]
[Date "2012.08.07"]
[Round "1.2"]
[White "Bento, Antonio Jose Gomes"]
[Black "Martinez Escandell, Alfonso"]
[Result "0-1"]
[WhiteElo "1705"]
[BlackElo "1991"]
[PlyCount "132"]
[EventDate "2012.08.07"]
[EventType "swiss"]
[EventRounds "9"]
[EventCountry "ESP"]
[Source "lmi"]
[SourceDate "2012.08.07"]

1. c4 c5 2. g3 g6 3. Bg2 Bg7 4. Nc3 Nf6 5. Nf3 O-O 6. O-O d6 7. d4 Nbd7 8. e4
cxd4 9. Nxd4 Ne5 10. b3 Bg4 11. Qe1 Qc8 12. f3 Bd7 13. Be3 a6 14. Qd2 Rb8 15.
Rac1 h5 16. Nd5 Nxd5 17. cxd5 Qd8 18. Rc2 Rc8 19. Rfc1 Rxc2 20. Qxc2 Bc8 21.
Qc7 Qxc7 22. Rxc7 Re8 23. Kf1 a5 24. Kg1 Nd3 25. Bf1 Ne5 26. Bb5 Rd8 27. Bd2
Bh3 28. Bf1 Bxf1 29. Kxf1 Nd3 30. Nc2 Rb8 31. Ke2 Nc5 32. Rxe7 Bf6 33. Rc7 Bd8
34. Rxc5 dxc5 35. Bf4 Rc8 36. Na3 g5 37. Be3 b6 38. Nc4 Ra8 39. a4 Kg7 40. Ne5
f6 41. Nc6 Bc7 42. f4 g4 43. e5 fxe5 44. fxe5 Re8 45. d6 Bd8 46. Kd3 Kf7 47.
Nxd8+ Rxd8 48. Bg5 Rd7 49. Kc4 Ke6 50. Bf4 Rb7 51. Kb5 Kd7 52. Bg5 Rb8 53. Bf6
Rb7 54. Ka6 Rb8 55. Ka7 Re8 56. Kxb6 Rb8+ 57. Kxc5 Rxb3 58. Kd5 Rd3+ 59. Ke4
Rd2 60. Kf5 Rf2+ 61. Kg5 Rxh2 62. Kg6 Ke6 63. Bg5 h4 64. gxh4 g3 65. Bf4 Rxh4
66. Bxg3 Rg4+ 0-1

[Event "7. Torneo de Promoción Almansa B 2012"]
[Site "Almansa ESP"]
[Date "2012.08.07"]
[Round "1.3"]
[White "Fraga Pons, Albert  Borja"]
[Black "Vicente Navarro, Juan Manuel"]
[Result "1-0"]
[WhiteElo "1974"]
[BlackElo "1699"]
[PlyCount "43"]
[EventDate "2012.08.07"]
[EventType "swiss"]
[EventRounds "9"]
[EventCountry "ESP"]
[Source "lmi"]
[SourceDate "2012.08.07"]

1. e4 c5 2. Nc3 Nc6 3. Bc4 e6 4. d3 Na5 5. Nge2 Nxc4 6. dxc4 g6 7. O-O Bg7 8.
f4 a6 9. e5 Ne7 10. Ne4 O-O 11. Nxc5 Qb6 12. Qd6 Nc6 13. Kh1 Rd8 14. Ne4 Bf8
15. Qd3 Be7 16. Qh3 Kg7 17. f5 exf5 18. Qh6+ Kh8 19. Nf6 Bxf6 20. exf6 Rg8 21.
Rf3 Qb4 22. Rh3 1-0

[Event "7. Torneo de Promoción Almansa B 2012"]
[Site "Almansa ESP"]
[Date "2012.08.07"]
[Round "1.4"]
[White "Pomares Mateo, Alba"]
[Black "Diaz Nieto, Alberto"]
[Result "1/2-1/2"]
[WhiteElo "1691"]
[BlackElo "1973"]
[PlyCount "80"]
[EventDate "2012.08.07"]
[EventType "swiss"]
[EventRounds "9"]
[EventCountry "ESP"]
[Source "lmi"]
[SourceDate "2012.08.07"]

1. d4 d5 2. c4 e5 3. dxe5 d4 4. e3 Bb4+ 5. Bd2 dxe3 6. Qa4+ Bd7 7. Qxb4 Nc6 8.
Qc3 exd2+ 9. Nxd2 Qe7 10. Ngf3 O-O-O 11. Be2 f6 12. exf6 Nxf6 13. O-O Rhe8 14.
Rfe1 Bg4 15. Bd3 Qd6 16. Be4 Nxe4 17. Nxe4 Qg6 18. Ned2 Rxe1+ 19. Rxe1 Rd3 20.
Qc2 Bxf3 21. Nxf3 Qd6 22. a3 h6 23. h3 g5 24. Qe2 b6 25. Qe6+ Kb7 26. Qxd6 Rxd6
27. Kh2 Na5 28. Rc1 Re6 29. b4 Nc6 30. Rc3 Ne7 31. g4 Ng6 32. Nd4 Rd6 33. Nf5
Rd2 34. Rf3 Ne5 35. Re3 Nxc4 36. Rc3 Nd6 37. Nxh6 Rxf2+ 38. Kg1 Rf6 39. Ng8 Rf7
40. Nh6 Rf8 1/2-1/2

[Event "7. Torneo de Promoción Almansa B 2012"]
[Site "Almansa ESP"]
[Date "2012.08.07"]
[Round "1.5"]
[White "Romero Calduch, Sergio"]
[Black "Zhynguel Ramirez De Verger, Ale"]
[Result "1-0"]
[WhiteElo "1972"]
[BlackElo "1686"]
[PlyCount "63"]
[EventDate "2012.08.07"]
[EventType "swiss"]
[EventRounds "9"]
[EventCountry "ESP"]
[Source "lmi"]
[SourceDate "2012.08.07"]

1. d4 f5 2. g3 g6 3. Bg2 Nf6 4. c4 d6 5. b3 Bg7 6. Bb2 O-O 7. Qc2 Nbd7 8. Nf3
Re8 9. d5 e5 10. dxe6 Rxe6 11. O-O Ne5 12. Nbd2 Nc6 13. Rfe1 Bd7 14. b4 Nxb4
15. Qb3 c5 16. a3 Nc6 17. Rad1 Qc7 18. Nb1 Rae8 19. Nc3 Na5 20. Qc2 a6 21. Ng5
R6e7 22. Nd5 Nxd5 23. Bxd5+ Kh8 24. Bxg7+ Kxg7 25. Qc3+ Kh6 26. Nf7+ Rxf7 27.
Bxf7 Re5 28. Bd5 Be6 29. f4 Rxd5 30. cxd5 Bd7 31. Qf6 Bc8 32. e4 1-0

[Event "7. Torneo de Promoción Almansa B 2012"]
[Site "Almansa ESP"]
[Date "2012.08.08"]
[Round "2.1"]
[White "Moreno Brocalero, Edgar"]
[Black "Moreno Valle, Agustin"]
[Result "0-1"]
[WhiteElo "1820"]
[BlackElo "1997"]
[PlyCount "96"]
[EventDate "2012.08.07"]
[EventType "swiss"]
[EventRounds "9"]
[EventCountry "ESP"]
[Source "lmi"]
[SourceDate "2012.08.07"]

1. e4 Nc6 2. Nf3 d6 3. d4 Nf6 4. Nc3 Bg4 5. Bb5 a6 6. Bxc6+ bxc6 7. Qd3 e6 8.
O-O Be7 9. Ne2 O-O 10. Ng3 Bxf3 11. Qxf3 d5 12. e5 Nd7 13. Qg4 f5 14. exf6 Rxf6
15. Re1 Rg6 16. Qh3 Nf8 17. Bf4 c5 18. c3 cxd4 19. cxd4 c5 20. Be5 Qb6 21. dxc5
Bxc5 22. Re2 Nd7 23. Qh5 Rf8 24. Rf1 Nf6 25. Bxf6 Rgxf6 26. Nh1 Qb8 27. g3 Bd4
28. Qg4 e5 29. Kg2 Qb5 30. Rc2 Qd3 31. Rfc1 e4 32. Rc8 Bxb2 33. Rxf8+ Rxf8 34.
Rc7 Qf3+ 35. Qxf3 Rxf3 36. Rd7 Rd3 37. Ra7 Ra3 38. Rd7 d4 39. Re7 d3 40. Rxe4
d2 41. Re8+ Kf7 42. Rd8 Bc3 43. f4 Rxa2 44. Nf2 a5 45. Kf3 a4 46. Ne4 Bb4 47.
Ke2 Ra3 48. Kd1 Ra1+ 0-1

[Event "7. Torneo de Promoción Almansa B 2012"]
[Site "Almansa ESP"]
[Date "2012.08.08"]
[Round "2.2"]
[White "Martinez Escandell, Alfonso"]
[Black "Pastor Villalba, Arturo"]
[Result "1/2-1/2"]
[WhiteElo "1991"]
[BlackElo "1821"]
[PlyCount "109"]
[EventDate "2012.08.07"]
[EventType "swiss"]
[EventRounds "9"]
[EventCountry "ESP"]
[Source "lmi"]
[SourceDate "2012.08.07"]

1. d4 d5 2. c4 e6 3. Bf4 Nf6 4. e3 Be7 5. Nf3 O-O 6. Bd3 c5 7. O-O Nc6 8. dxc5
dxc4 9. Bxc4 Qxd1 10. Rxd1 Bxc5 11. Nc3 a6 12. Bg5 Be7 13. a4 b6 14. e4 h6 15.
Be3 Nd7 16. Be2 Rd8 17. Bf4 Ra7 18. Be3 Bc5 19. Bxc5 Nxc5 20. Rxd8+ Nxd8 21.
Rd1 Rd7 22. Ne5 Rxd1+ 23. Bxd1 Bb7 24. f3 Nc6 25. Nc4 Nd7 26. Nd6 Nc5 27. Be2
Nb4 28. Nc4 Nd7 29. Nd1 Bc6 30. b3 Kf8 31. Kf2 f6 32. Ndb2 Nc5 33. Nxb6 Nxb3
34. Nd3 Nxd3+ 35. Bxd3 Nc5 36. Ke3 Nxa4 37. Nxa4 Bxa4 38. Bxa6 e5 39. Bc4 Ke7
40. g3 g5 41. f4 Kd6 42. fxg5 fxg5 43. Bd5 Kc5 44. h4 Bd1 45. Bf7 Kb4 46. Kd2
Bg4 47. Kd3 Bd1 48. Be6 Bh5 49. g4 Be8 50. h5 Ba4 51. Ke3 Kc3 52. Bf5 Bd1 53.
Be6 Bc2 54. Bf5 Bb1 55. Bg6 1/2-1/2

[Event "7. Torneo de Promoción Almansa B 2012"]
[Site "Almansa ESP"]
[Date "2012.08.08"]
[Round "2.3"]
[White "Perez Pardo, Sergio Ivan"]
[Black "Fraga Pons, Albert  Borja"]
[Result "1-0"]
[WhiteElo "1815"]
[BlackElo "1974"]
[PlyCount "75"]
[EventDate "2012.08.07"]
[EventType "swiss"]
[EventRounds "9"]
[EventCountry "ESP"]
[Source "lmi"]
[SourceDate "2012.08.07"]

1. e4 c5 2. Nf3 Nc6 3. d4 cxd4 4. Nxd4 g6 5. c4 Nf6 6. Nc3 d6 7. Be2 Bg7 8. Be3
O-O 9. O-O Nxd4 10. Bxd4 a5 11. Rc1 Bd7 12. b3 Bc6 13. f3 Nd7 14. Bxg7 Kxg7 15.
Qd4+ Kg8 16. Rfd1 Qb6 17. Qxb6 Nxb6 18. Nd5 Bxd5 19. cxd5 Rac8 20. Bb5 h5 21.
Kf2 Kg7 22. h4 f5 23. Ke3 f4+ 24. Kd4 Kf6 25. a4 g5 26. hxg5+ Kxg5 27. Rh1 Rfd8
28. Kd3 Rxc1 29. Rxc1 Nd7 30. Bxd7 Rxd7 31. Rc8 b5 32. axb5 Rb7 33. Kc4 Rb6 34.
Rc7 Kf6 35. Rc6 Rb8 36. b6 h4 37. Kb5 Ke5 38. Ka6 1-0

[Event "7. Torneo de Promoción Almansa B 2012"]
[Site "Almansa ESP"]
[Date "2012.08.08"]
[Round "2.4"]
[White "Moreno Valero, Ivan"]
[Black "Romero Calduch, Sergio"]
[Result "1-0"]
[WhiteElo "1808"]
[BlackElo "1972"]
[PlyCount "95"]
[EventDate "2012.08.07"]
[EventType "swiss"]
[EventRounds "9"]
[EventCountry "ESP"]
[Source "lmi"]
[SourceDate "2012.08.07"]

1. d4 Nf6 2. c4 g6 3. Nc3 Bg7 4. e4 d6 5. Nf3 O-O 6. Be2 Bg4 7. O-O Nfd7 8. Be3
c5 9. d5 a6 10. Qc2 Qa5 11. Bd2 Qc7 12. Rab1 b6 13. a3 Ra7 14. Be3 Rb7 15. a4
Bxf3 16. Bxf3 e5 17. Bg4 Nf6 18. Be2 Nbd7 19. Ra1 Kh8 20. Ra2 Ne8 21. a5 bxa5
22. Rfa1 Qd8 23. Rxa5 Nc7 24. R1a2 f5 25. f3 Nf6 26. Qa4 Rb6 27. Qc2 Rb8 28.
Qd2 f4 29. Bf2 g5 30. Na4 g4 31. Nxc5 dxc5 32. Bxc5 Rg8 33. b4 g3 34. h3 Ne6
35. dxe6 Qc8 36. Rxa6 Rd8 37. Rd6 Re8 38. Ra7 Bf8 39. e7 Rxe7 40. Rxf6 Rxa7 41.
Rxf8+ Qxf8 42. Bxf8 Rxf8 43. Qb2 Re7 44. b5 Rd8 45. b6 Red7 46. Qxe5+ Kg8 47.
Qxf4 Rd1+ 48. Bf1 1-0

[Event "7. Torneo de Promoción Almansa B 2012"]
[Site "Almansa ESP"]
[Date "2012.08.08"]
[Round "2.5"]
[White "Nunez Miranda, Adrian"]
[Black "Lopez Diaz, Rafael"]
[Result "1-0"]
[WhiteElo "1969"]
[BlackElo "1819"]
[PlyCount "101"]
[EventDate "2012.08.07"]
[EventType "swiss"]
[EventRounds "9"]
[EventCountry "ESP"]
[Source "lmi"]
[SourceDate "2012.08.07"]

1. e4 c5 2. Nf3 Nc6 3. Bb5 d6 4. Bxc6+ bxc6 5. O-O Bg4 6. d3 h5 7. Be3 g6 8. c3
h4 9. h3 Bd7 10. e5 Bg7 11. exd6 exd6 12. Re1 Kf8 13. Nbd2 Nh6 14. Ne4 Nf5 15.
Bf4 Bc8 16. Qa4 Bb7 17. Qb3 Qd7 18. Nxd6 Nxd6 19. Bxd6+ Qxd6 20. Qxb7 Rb8 21.
Qxa7 Bf6 22. Qa3 Rh5 23. d4 Rb5 24. dxc5 Rhxc5 25. Rad1 Qc7 26. Re2 Kg7 27. Re8
Qa5 28. Qxa5 Rxa5 29. b4 Rd5 30. Rxd5 Rxd5 31. c4 Rd1+ 32. Kh2 Bd8 33. Re1 Rd7
34. a4 Bc7+ 35. Kg1 Rd3 36. c5 Rb3 37. Re4 Rb1+ 38. Ne1 Kf6 39. Kf1 Be5 40. Ke2
Rb2+ 41. Ke3 Rb3+ 42. Nd3 Bc3 43. Rxh4 Kg7 44. Rc4 Bf6 45. Kd2 Ra3 46. b5 Ra2+
47. Ke3 cxb5 48. axb5 Ra3 49. c6 Ra8 50. c7 Rc8 51. b6 1-0

[Event "7. Torneo de Promoción Almansa B 2012"]
[Site "Almansa ESP"]
[Date "2012.08.08"]
[Round "3.1"]
[White "Moreno Valle, Agustin"]
[Black "Nieves Cabanes, Jose Manuel"]
[Result "1/2-1/2"]
[WhiteElo "1997"]
[BlackElo "1872"]
[PlyCount "64"]
[EventDate "2012.08.07"]
[EventType "swiss"]
[EventRounds "9"]
[EventCountry "ESP"]
[Source "lmi"]
[SourceDate "2012.08.07"]

1. e4 c5 2. Nf3 Nc6 3. Bd3 d6 4. c3 Bg4 5. O-O g6 6. Bc2 Bg7 7. d3 Nf6 8. Nbd2
O-O 9. h3 Bxf3 10. Nxf3 Qb6 11. Rb1 Nd7 12. Be3 Qc7 13. Qd2 Rfc8 14. Nh2 e6 15.
Bh6 Bh8 16. f4 Ne7 17. f5 Ne5 18. f6 N7c6 19. Rf4 Qd8 20. Rbf1 Rc7 21. Qf2 Nd7
22. Bg5 Rac8 23. Qh4 Nde5 24. Bh6 b5 25. g4 b4 26. g5 a5 27. Bg7 Bxg7 28. fxg7
Kxg7 29. Qh6+ Kh8 30. Rh4 Qg8 31. Rhf4 Qg7 32. Qh4 Kg8 1/2-1/2

[Event "7. Torneo de Promoción Almansa B 2012"]
[Site "Almansa ESP"]
[Date "2012.08.08"]
[Round "3.2"]
[White "Magan Gonzalez, Alberto"]
[Black "Nunez Miranda, Adrian"]
[Result "0-1"]
[WhiteElo "1848"]
[BlackElo "1969"]
[PlyCount "98"]
[EventDate "2012.08.07"]
[EventType "swiss"]
[EventRounds "9"]
[EventCountry "ESP"]
[Source "lmi"]
[SourceDate "2012.08.07"]

1. e4 d6 2. d4 Nf6 3. Nc3 Nbd7 4. f4 e5 5. Nf3 exd4 6. Qxd4 Be7 7. Bd2 a6 8.
Bc4 O-O 9. O-O-O b5 10. Bxf7+ Rxf7 11. Ng5 Nb6 12. Nxf7 Kxf7 13. Kb1 Bb7 14. e5
dxe5 15. Qxe5 Nc4 16. Qe2 Qd7 17. Bc1 Qg4 18. Rhe1 Qxe2 19. Rxe2 Bd6 20. Rde1
Bb4 21. a3 Bxc3 22. bxc3 Nd5 23. Bd2 Nxa3+ 24. Ka2 Nc4 25. Ka1 Rd8 26. g4 Bc8
27. f5 h6 28. h4 Nxd2 29. Rxd2 Rd6 30. Red1 c6 31. h5 Rd7 32. c4 bxc4 33. Rd4
c3 34. Rc4 Ne3 35. Rxd7+ Bxd7 36. Rxc3 Nxg4 37. Ra3 Bxf5 38. Rxa6 Bxc2 39. Rxc6
Be4 40. Rc7+ Kf6 41. Ra7 Ne5 42. Ra6+ Kf7 43. Ra7+ Kg8 44. Rc7 Ng4 45. Rc8+ Kf7
46. Rc7+ Kg8 47. Rc8+ Kh7 48. Rc4 Nf6 49. Kb2 Bf3 0-1

[Event "7. Torneo de Promoción Almansa B 2012"]
[Site "Almansa ESP"]
[Date "2012.08.08"]
[Round "3.3"]
[White "Fernandez Cano, Victor"]
[Black "Perez Garcia, Jose Miguel"]
[Result "1/2-1/2"]
[WhiteElo "1843"]
[BlackElo "1967"]
[PlyCount "64"]
[EventDate "2012.08.07"]
[EventType "swiss"]
[EventRounds "9"]
[EventCountry "ESP"]
[Source "lmi"]
[SourceDate "2012.08.07"]

1. d4 Nf6 2. Nf3 c5 3. e3 d5 4. c4 e6 5. cxd5 exd5 6. Nc3 Nc6 7. Bd3 Bg4 8.
dxc5 Bxc5 9. O-O O-O 10. h3 Bh5 11. a3 a6 12. b4 Ba7 13. g4 Bg6 14. Ne2 Be4 15.
Ng3 Bxf3 16. Qxf3 Ne5 17. Qd1 d4 18. e4 Re8 19. f4 Nc6 20. Bb2 Nd7 21. Nf5 Nf8
22. e5 g6 23. Nd6 Qh4 24. Qf3 Ne6 25. Nxb7 Nxe5 26. fxe5 Ng5 27. Qf6 Qg3+ 28.
Kh1 Qxh3+ 29. Kg1 Qxd3 30. Qxg5 Qg3+ 31. Kh1 Qh3+ 32. Kg1 Qg3+ 1/2-1/2

[Event "7. Torneo de Promoción Almansa B 2012"]
[Site "Almansa ESP"]
[Date "2012.08.08"]
[Round "3.4"]
[White "Sanchez Mas, Carlos"]
[Black "Boj Marques, Javier"]
[Result "1/2-1/2"]
[WhiteElo "1794"]
[BlackElo "1956"]
[PlyCount "71"]
[EventDate "2012.08.07"]
[EventType "swiss"]
[EventRounds "9"]
[EventCountry "ESP"]
[Source "lmi"]
[SourceDate "2012.08.07"]

1. e4 e6 2. d4 d5 3. exd5 exd5 4. Nf3 Bd6 5. c4 c6 6. Nc3 Ne7 7. Bd3 dxc4 8.
Bxc4 O-O 9. O-O h6 10. Re1 Nd7 11. Ne5 Nf6 12. Qf3 Bxe5 13. dxe5 Nfd5 14. Nxd5
cxd5 15. Bb3 Qa5 16. Be3 Be6 17. Rac1 Rac8 18. Qf4 Rxc1 19. Rxc1 Rc8 20. Rxc8+
Nxc8 21. Bd2 Qc7 22. Qd4 b6 23. h3 Ne7 24. f4 Qc5 25. Be3 Qxd4 26. Bxd4 h5 27.
Kf1 Kf8 28. Ke2 Ke8 29. Ba4+ Kd8 30. Kd3 Kc7 31. b4 Ng6 32. Ke3 Nh4 33. Kf2 Nf5
34. Bb2 Ne7 35. a3 a6 36. Bc2 1/2-1/2

[Event "7. Torneo de Promoción Almansa B 2012"]
[Site "Almansa ESP"]
[Date "2012.08.08"]
[Round "3.5"]
[White "Perez Garcia, Juan Angel"]
[Black "Navarro Palma, Javier"]
[Result "0-1"]
[WhiteElo "1951"]
[BlackElo "1823"]
[PlyCount "76"]
[EventDate "2012.08.07"]
[EventType "swiss"]
[EventRounds "9"]
[EventCountry "ESP"]
[Source "lmi"]
[SourceDate "2012.08.07"]

1. e4 c5 2. Nf3 d6 3. d4 cxd4 4. Nxd4 Nf6 5. Nc3 g6 6. f4 Nc6 7. Nxc6 bxc6 8.
e5 Nd7 9. exd6 exd6 10. Bd3 Be7 11. O-O O-O 12. f5 Ne5 13. Bh6 Re8 14. Ne4 Bxf5
15. Rxf5 gxf5 16. Nf2 Nxd3 17. Qxd3 Bg5 18. Qg3 f6 19. h4 Re3 20. Qxe3 Bxe3 21.
Bxe3 Qc7 22. Bd4 Kf7 23. Nd3 c5 24. Be3 Qb7 25. Rf1 c4 26. Nf4 Qxb2 27. Rf2
Qxa2 28. Bd4 Qb1+ 29. Kh2 Qe1 30. c3 a5 31. Nd5 Qe4 32. Ne3 Qxh4+ 33. Kg1 Re8
34. Nxc4 Re1+ 35. Rf1 Rxf1+ 36. Kxf1 Qf4+ 37. Kg1 a4 38. Ne3 a3 0-1

[Event "7. Torneo de Promoción Almansa B 2012"]
[Site "Almansa ESP"]
[Date "2012.08.09"]
[Round "4.1"]
[White "Nunez Miranda, Adrian"]
[Black "Alvarez Serrano, Carlos"]
[Result "1-0"]
[WhiteElo "1969"]
[BlackElo "1876"]
[PlyCount "45"]
[EventDate "2012.08.07"]
[EventType "swiss"]
[EventRounds "9"]
[EventCountry "ESP"]
[Source "lmi"]
[SourceDate "2012.08.07"]

1. e4 c5 2. Nf3 d6 3. c3 Nf6 4. Bd3 Nc6 5. Bc2 e5 6. d3 h6 7. h3 Be7 8. Nbd2
Be6 9. Qe2 Nh7 10. Nf1 Ng5 11. Ne3 Qd7 12. a3 O-O 13. g4 d5 14. Nf5 Nxf3+ 15.
Qxf3 c4 16. O-O b5 17. dxc4 bxc4 18. Rd1 Bxf5 19. gxf5 d4 20. Ba4 Bf6 21. Qg3
Qb7 22. Bxh6 Na5 23. Bxg7 1-0

[Event "7. Torneo de Promoción Almansa B 2012"]
[Site "Almansa ESP"]
[Date "2012.08.09"]
[Round "4.2"]
[White "Largo Barbero, Benito"]
[Black "Triay Moll, Liberto"]
[Result "0-1"]
[WhiteElo "1902"]
[BlackElo "1911"]
[PlyCount "68"]
[EventDate "2012.08.07"]
[EventType "swiss"]
[EventRounds "9"]
[EventCountry "ESP"]
[Source "lmi"]
[SourceDate "2012.08.07"]

1. Nc3 e5 2. Nf3 Nc6 3. d4 exd4 4. Nxd4 d5 5. Nxc6 bxc6 6. Bf4 Nf6 7. Qd3 Bd6
8. Bg5 Be7 9. O-O-O O-O 10. f3 h6 11. h4 Qd6 12. Bd2 Rb8 13. Na4 Nd7 14. g4 Ne5
15. Qd4 c5 16. Qf4 Rb4 17. e4 Rxa4 18. Kb1 c4 19. Qg3 Ng6 20. f4 Qa6 21. Bc3
Rxa2 22. Kc1 Bc5 23. Rxd5 Bb7 24. h5 Bxd5 25. exd5 Qd6 26. Kd1 Qa6 27. b3 Rxc2
28. Kxc2 Qa2+ 29. Bb2 Bd4 30. hxg6 Qxb2+ 31. Kd1 Bc3 32. Rh2 Qxb3+ 33. Ke2 Re8+
34. Kf3 Be1+ 0-1

[Event "7. Torneo de Promoción Almansa B 2012"]
[Site "Almansa ESP"]
[Date "2012.08.09"]
[Round "4.3"]
[White "Navarro Palma, Javier"]
[Black "Moreno Valle, Agustin"]
[Result "0-1"]
[WhiteElo "1823"]
[BlackElo "1997"]
[PlyCount "104"]
[EventDate "2012.08.07"]
[EventType "swiss"]
[EventRounds "9"]
[EventCountry "ESP"]
[Source "lmi"]
[SourceDate "2012.08.07"]

1. d4 d5 2. e3 Nf6 3. Bd3 e6 4. Nf3 Bd6 5. Ne5 O-O 6. O-O b6 7. f4 Bb7 8. Rf3
Ne4 9. Rh3 g6 10. Bxe4 dxe4 11. Qg4 f5 12. Qg3 Bxe5 13. fxe5 c5 14. c3 Nc6 15.
Nd2 Ba6 16. Nb3 Rf7 17. Nd2 Qe7 18. b3 b5 19. Ba3 b4 20. cxb4 cxd4 21. b5 Qxa3
22. bxc6 Qb2 23. Qe1 d3 24. Qc1 Qxe5 25. b4 Bb5 26. Rb1 Rc7 27. Nc4 Qd5 28. Na5
d2 29. Qd1 Qxa2 30. Qb3 Qxb3 31. Nxb3 Rd8 32. Rd1 Rxc6 33. Rxd2 Rxd2 34. Nxd2
Rc2 35. Nb3 Rb2 36. Nd4 Rxb4 37. Nxb5 Rxb5 38. g4 fxg4 39. Rg3 h5 40. h3 Rg5
41. Rg2 Kg7 42. Kh2 g3+ 43. Kg1 h4 44. Ra2 a5 45. Ra4 Re5 46. Rc4 g5 47. Rc7+
Kf6 48. Rb7 Rc5 49. Ra7 g4 50. hxg4 h3 51. g5+ Kg6 52. Kf1 g2+ 0-1

[Event "7. Torneo de Promoción Almansa B 2012"]
[Site "Almansa ESP"]
[Date "2012.08.09"]
[Round "4.4"]
[White "Nieves Cabanes, Jose Manuel"]
[Black "Amoros Moran, Jose Joaquin"]
[Result "1-0"]
[WhiteElo "1872"]
[BlackElo "1989"]
[PlyCount "55"]
[EventDate "2012.08.07"]
[EventType "swiss"]
[EventRounds "9"]
[EventCountry "ESP"]
[Source "lmi"]
[SourceDate "2012.08.07"]

1. d4 Nf6 2. c4 g6 3. Nc3 Bg7 4. e4 d6 5. Be2 O-O 6. g4 c5 7. d5 e6 8. g5 Ne8
9. h4 exd5 10. exd5 Bf5 11. Be3 Nd7 12. Nf3 Ne5 13. Nxe5 Bxe5 14. Qd2 Nc7 15.
O-O-O a6 16. h5 b5 17. Bf4 Bg7 18. Bd3 Qd7 19. Bxf5 gxf5 20. Rdg1 b4 21. Nb1
Rae8 22. f3 Re7 23. g6 fxg6 24. hxg6 hxg6 25. Rxg6 Rf6 26. Rgg1 Rff7 27. Qh2
Ne8 28. Qh8# 1-0

[Event "7. Torneo de Promoción Almansa B 2012"]
[Site "Almansa ESP"]
[Date "2012.08.09"]
[Round "4.5"]
[White "Perez Garcia, Jose Miguel"]
[Black "Montiel Miguelez, Manuel"]
[Result "1/2-1/2"]
[WhiteElo "1967"]
[BlackElo "1896"]
[PlyCount "43"]
[EventDate "2012.08.07"]
[EventType "swiss"]
[EventRounds "9"]
[EventCountry "ESP"]
[Source "lmi"]
[SourceDate "2012.08.07"]

1. d4 Nf6 2. Nf3 e6 3. g3 d5 4. Bg2 Be7 5. O-O b6 6. c4 Bb7 7. Ne5 O-O 8. Nc3
Nbd7 9. Qa4 Nxe5 10. dxe5 Nd7 11. cxd5 Nxe5 12. Rd1 Qc8 13. dxe6 fxe6 14. Bxb7
Qxb7 15. Qe4 Qxe4 16. Nxe4 Rad8 17. Bf4 Bf6 18. Nxf6+ gxf6 19. Rac1 c5 20. Bxe5
fxe5 21. Kf1 Rd5 22. e3 1/2-1/2

[Event "7. Torneo de Promoción Almansa B 2012"]
[Site "Almansa ESP"]
[Date "2012.08.09"]
[Round "5.1"]
[White "Triay Moll, Liberto"]
[Black "Nunez Miranda, Adrian"]
[Result "1-0"]
[WhiteElo "1911"]
[BlackElo "1969"]
[PlyCount "127"]
[EventDate "2012.08.07"]
[EventType "swiss"]
[EventRounds "9"]
[EventCountry "ESP"]
[Source "lmi"]
[SourceDate "2012.08.07"]

1. e4 d6 2. d4 Nf6 3. Nc3 Nbd7 4. Nf3 e5 5. Bc4 Be7 6. O-O O-O 7. Re1 c6 8. a4
a5 9. Ba2 exd4 10. Qxd4 Nc5 11. e5 dxe5 12. Qxd8 Bxd8 13. Nxe5 Bf5 14. Be3 Ncd7
15. Nxd7 Nxd7 16. Rad1 Be7 17. h3 h5 18. Bb3 Bb4 19. f3 Nc5 20. Bxc5 Bxc5+ 21.
Kf1 Rfe8 22. Rxe8+ Rxe8 23. Re1 Rxe1+ 24. Kxe1 Bb4 25. Ke2 Bxc3 26. bxc3 h4 27.
Ke3 g5 28. Kd4 b6 29. Ke5 Bc8 30. Kf6 Ba6 31. c4 b5 32. cxb5 cxb5 33. Bxf7+ Kf8
34. Bb3 bxa4 35. Bxa4 Bf1 36. Kxg5 Bxg2 37. f4 Bxh3 38. Kxh4 Bc8 39. Kg5 Ke7
40. f5 Kf7 41. Bb3+ Kf8 42. c4 Bd7 43. c5 a4 44. Ba2 a3 45. Kf4 Ke7 46. Ke5 Bc6
47. f6+ Kd7 48. Be6+ Ke8 49. Kd6 Bb7 50. Kc7 Bf3 51. c6 Bh5 52. Kd6 Bf3 53. f7+
Kf8 54. Kd7 Be4 55. c7 Bb7 56. c8=Q+ Bxc8+ 57. Kxc8 Ke7 58. Ba2 Kf8 59. Kd8 Kg7
60. Ke7 Kh7 61. f8=R Kg7 62. Rg8+ Kh6 63. Kf6 Kh7 64. Rg3 1-0

[Event "7. Torneo de Promoción Almansa B 2012"]
[Site "Almansa ESP"]
[Date "2012.08.09"]
[Round "5.2"]
[White "Moreno Valle, Agustin"]
[Black "Fernandez Cano, Victor"]
[Result "1/2-1/2"]
[WhiteElo "1997"]
[BlackElo "1843"]
[PlyCount "52"]
[EventDate "2012.08.07"]
[EventType "swiss"]
[EventRounds "9"]
[EventCountry "ESP"]
[Source "lmi"]
[SourceDate "2012.08.07"]

1. e4 c5 2. Nf3 Nc6 3. Bd3 g6 4. c3 Bg7 5. Bc2 e5 6. d3 d6 7. O-O Nge7 8. Be3
f5 9. exf5 Nxf5 10. Na3 O-O 11. Bb3+ Kh8 12. Nc2 b5 13. a4 c4 14. Ba2 cxd3 15.
Qxd3 bxa4 16. Bd5 Nfe7 17. Bxc6 Nxc6 18. Qd5 Bb7 19. Rxa4 Qd7 20. Qa2 a5 21.
Ng5 h6 22. Ne6 Rf6 23. Nxg7 Kxg7 24. b4 Nxb4 25. Nxb4 Bxg2 26. Kxg2 Qg4+
1/2-1/2

[Event "7. Torneo de Promoción Almansa B 2012"]
[Site "Almansa ESP"]
[Date "2012.08.09"]
[Round "5.3"]
[White "Trabazos Gallego, Javier"]
[Black "Nieves Cabanes, Jose Manuel"]
[Result "0-1"]
[WhiteElo "1909"]
[BlackElo "1872"]
[PlyCount "76"]
[EventDate "2012.08.07"]
[EventType "swiss"]
[EventRounds "9"]
[EventCountry "ESP"]
[Source "lmi"]
[SourceDate "2012.08.07"]

1. d4 e6 2. Bf4 c5 3. e3 Qb6 4. Nc3 d5 5. Nb5 Na6 6. a4 c4 7. Rb1 Bd7 8. Nc3
Bb4 9. Be2 Nf6 10. Bf3 Bxa4 11. Nge2 Bc6 12. O-O O-O 13. g4 Nc7 14. b3 Na6 15.
bxc4 dxc4 16. Bxc6 Qxc6 17. f3 Nd5 18. Ne4 Be7 19. Qe1 Nab4 20. g5 Nxc2 21. Qh4
Ncxe3 22. Bxe3 Nxe3 23. Nf4 Nf5 24. Qh3 Qd7 25. Kh1 a5 26. Nh5 b5 27. Rg1 Kh8
28. Rg4 Rac8 29. Rbg1 c3 30. Nhf6 gxf6 31. gxf6 Rg8 32. Rxg8+ Rxg8 33. Rxg8+
Kxg8 34. Qg4+ Kh8 35. Qg5 Bf8 36. Qf4 c2 37. Ng5 h6 38. Nh3 Qxd4 0-1